000
00325nam a2200133Ia 4500
008
220204s9999 xx 000 0 und d
082
_a
614.88
_b
GAR
100
_a
Gardner, A Ward
245
0
_a
New essential first aid
260
_a
London
_b
Bantam
_c
1967
650
_a
First aid
700
_a
Roylance, Peter J
942
_c
BK
999
_c
24703
_d
24703